01609nam a2200313 i 4500001000700000003000900007005001700016008004100033080003200074080002500106080003000131100004400161245014800205260003800353300004600391490003600437520030800473534004000781651004400821651005100865651005600916700003600972700004801008830004601056852002901102942002301131999001901154952012201173166317ES-MaACL20250811063204.0190925q1930 sp |||| | spa d a913(447.9 Côte d'Argent)  a913(447.95 Béarn)  a913(447.95 País Vasco) 1 aPraviel, Armand,d1875-1944eaut99372213aLa Costa de Plata y el País Vasco : bEl Bearne /cArmand Praviel ; versión española de Joaquín Gallardo ; portada de Tony-Georges Roux aBarcelona : bEdita, c[ca. 1930] a168 páginas : bilustraciones ; c21 cm1 aColección "Los bellos paises" aArmand Praviel nos ofrece gran información sobre el País Vasco, con algunos capítulos dedicados a la caza de la paloma en los célebres pasos de los Pirineos, sobre la caza de la gamuza en el País Vasco e información sobre Gastón Febeus. Obra ilustrada con 174 huecograbados de gran calidad aTítulo original: Côte d'Argent  7aCôte d'Argent-xDescripción9168331 7aPaís Vasco (Francia)-xDescripción9168332 4aBéarn (Francia, Región)-xDescripción92416851 aGallardo, Joaquínetrl9534831 aRoux, Tony Georges,9168333d1894-1928eill 0aColección "Los bellos países"9186773 aES-MaACLcDEPO2jP-862-7 2udccMONOGRAFIAn0 c166317d166317 00104070aATENEOMbATENEOMcDEPO2d2019-09-25eSCl0oP-862-7p1201133r2023-02-23 00:00:00w2023-02-23yMONOGRAFIA